Liečebný poriadok skompletoval legislatívne podmienky na konkurenciu v zdravotnom poistení

Z obsahu: Liečebný poriadok skompletizoval legislatívne podmienky na konkurenciu v zdravotnom poistení. Na slovenskom trhu zdravotného poistenia pôsobí v súčasnosti šesť poisťovní.

Enregistré dans:
Détails bibliographiques
Auteur principal: Velecký, M.
Format: Chapitre de livre
Langue:slovaque
Sujets:
Tags: Ajouter un tag
Pas de tags, Soyez le premier à ajouter un tag!

MARC

LEADER 00000naa a2200000 4500
001 r019215
005 20221213100917.9
041 0 |a slo 
044 |a SK 
245 1 0 |a Liečebný poriadok skompletoval legislatívne podmienky na konkurenciu v zdravotnom poistení  |c M. Velecký 
520 |a Z obsahu: Liečebný poriadok skompletizoval legislatívne podmienky na konkurenciu v zdravotnom poistení. Na slovenskom trhu zdravotného poistenia pôsobí v súčasnosti šesť poisťovní. 
610 2 0 |a poistenie zdravotné 
610 2 0 |a poisťovne zdravotné 
610 2 0 |a Slovensko 
610 2 0 |a poriadok liečebný 
100 1 |a Velecký, M.